[Event "PRO League Group Stage"]
[Site "chess.com INT"]
[Date "2018.01.18"]
[Round "1"]
[White "Lagarde, Maxime"]
[Black "Klein, David"]
[Result "1-0"]
[WhiteTitle "GM"]
[BlackTitle "GM"]
[WhiteElo "2586"]
[BlackElo "2501"]
[WhiteTeam "Cannes Blockbusters"]
[BlackTeam "Amsterdam Mosquitoes"]
[WhiteFideId "662399"]
[BlackFideId "1003623"]
[EventDate "2018.01.18"]

1. e4 e5 2. Nf3 Nc6 3. Bb5 a6 4. Ba4 d6 5. c3 Bd7 6. d4 g6 7. Bg5 f6 8. Be3 Bg7
9. c4 Nh6 10. h3 Nf7 11. Nc3 O-O 12. O-O f5 13. exf5 gxf5 14. dxe5 dxe5 15. Bc5
Re8 16. Nd5 b6 17. Bxc6 Bxc6 18. Ne7+ Rxe7 19. Qxd8+ Rxd8 20. Bxe7 Re8 21. Ba3
e4 22. Nh4 Bd7 23. Rad1 Bc8 24. Rfe1 Ne5 25. b3 Bf6 26. g3 Bxh4 27. gxh4 Nf3+
28. Kf1 f4 29. Ke2 Bxh3 30. Rg1+ Kf7 31. Bb2 Nxg1+ 32. Rxg1 h5 33. Rg7+ Ke6 34.
f3 Kd6 35. fxe4 Rxe4+ 36. Kf3 Re3+ 37. Kxf4 Re2 38. Bd4 c5 39. Be3 Rxa2 40. Rg6+
Be6 41. Ke4 Rh2 42. Bf4+ 1-0

[Event "PRO League Group Stage"]
[Site "chess.com INT"]
[Date "2018.01.18"]
[Round "1"]
[White "Chu, Ruotong"]
[Black "Paikidze, Nazi"]
[Result "1/2-1/2"]
[BlackTitle "IM"]
[WhiteElo "2267"]
[BlackElo "2352"]
[WhiteTeam "Chengdu Pandas"]
[BlackTeam "Las Vegas Desert Rats"]
[WhiteFideId "8605653"]
[BlackFideId "13603620"]
[EventDate "2018.01.18"]

1. d4 d5 2. c4 c6 3. cxd5 cxd5 4. Bf4 Nc6 5. e3 Nf6 6. Bd3 e6 7. Nc3 Bd6 8. Bxd6
Qxd6 9. f4 O-O 10. Nf3 Nb4 11. Bb1 Qa6 12. a3 g6 13. Bxg6 hxg6 14. axb4 Qc4 15.
b5 Bd7 16. Ne5 Qb4 17. Qe2 a6 18. Nxd7 Nxd7 19. bxa6 bxa6 20. O-O Rfb8 21. Rfb1
a5 22. Na4 Rc8 23. Nc3 a4 24. Qb5 Qxb5 25. Nxb5 Rc2 26. b3 Nb6 27. bxa4 Rxa4 28.
Rxa4 Nxa4 29. Ra1 Nb6 30. Nd6 Nc4 31. Nxc4 dxc4 32. Ra8+ Kg7 33. Rc8 Re2 34.
Rxc4 Rxe3 35. Kf2 Ra3 36. Rc2 Rd3 37. Rc4 Kf6 38. Ke2 Ra3 39. Rc7 Ra2+ 40. Kf3
Ra3+ 41. Kg4 Rd3 42. Rd7 Kg7 43. g3 Kf8 44. Kg5 Ke8 45. Ra7 Rxd4 46. Kf6 Rd2 47.
Ra8+ Kd7 48. Rh8 Rf2 49. Rh7 Kd6 50. Rxf7 e5 51. Kxg6 e4 52. Rf5 Rxh2 53. Kg5
Rd2 54. Kg4 Rd5 55. Rf8 Ke7 56. Ra8 Rd3 57. Ra4 Re3 58. f5 Kf6 59. Ra6+ Ke5 60.
Re6+ Kd5 61. Re8 Rf3 62. Re7 Kd4 63. Rd7+ Ke5 64. Re7+ Kd4 65. Ra7 Ke5 66. Ra5+
Kf6 67. Ra6+ Ke5 68. Ra5+ Kf6 69. Ra4 Ke5 70. Ra5+ Kf6 71. Ra6+ 1/2-1/2

[Event "PRO League Group Stage"]
[Site "chess.com INT"]
[Date "2018.01.18"]
[Round "1"]
[White "Chu, Ruotong"]
[Black "Dominguez Perez, Leinier"]
[Result "1/2-1/2"]
[BlackTitle "GM"]
[WhiteElo "2267"]
[BlackElo "2739"]
[WhiteTeam "Chengdu Pandas"]
[BlackTeam "Las Vegas Desert Rats"]
[WhiteFideId "8605653"]
[BlackFideId "3503240"]
[EventDate "2018.01.18"]

1. d4 Nf6 2. c4 e6 3. g3 d5 4. Bg2 Be7 5. Nf3 O-O 6. Nc3 dxc4 7. Ne5 Nc6 8. Bxc6
bxc6 9. Nxc6 Qe8 10. Nxe7+ Qxe7 11. Qa4 c5 12. dxc5 Qxc5 13. Be3 Qc7 14. O-O Nd5
15. Bd4 Bb7 16. Rfd1 Rfd8 17. Rac1 e5 18. Nxd5 Rxd5 19. Be3 h6 20. Rxd5 Bxd5 21.
Qb5 Be6 22. Rc2 Rd8 23. Rd2 Rxd2 24. Bxd2 Qd6 25. Qb4 Qd5 26. f3 a6 27. Kg2 f6
28. Qa5 Qd7 29. Be3 Bh3+ 30. Kf2 Qd1 31. Qe1 Qa4 32. a3 h5 33. Qb4 Qc6 34. Qc5
Qe6 35. Qb6 Qf5 36. Qxa6 Qc2 37. Qb5 Kh7 38. Qe8 Qg6 39. Qxg6+ Kxg6 40. a4 Bc8
41. h4 Kf5 42. Bc5 Ke6 43. e4 f5 44. exf5+ Kxf5 45. Ke3 Bb7 46. a5 g6 47. Bd6
Ke6 48. Bc7 Kd5 49. Bb6 Ke6 50. Bc7 Kd5 51. Bb6 Ke6 52. Bc7 Kd5 1/2-1/2

[Event "PRO League Group Stage"]
[Site "chess.com INT"]
[Date "2018.01.18"]
[Round "1"]
[White "Sadorra, Julio Catalino"]
[Black "Dreev, Aleksey"]
[Result "1/2-1/2"]
[WhiteTitle "GM"]
[BlackTitle "GM"]
[WhiteElo "2539"]
[BlackElo "2653"]
[WhiteTeam "Dallas Destiny"]
[BlackTeam "San Diego Surfers"]
[WhiteFideId "5201268"]
[BlackFideId "4100107"]
[EventDate "2018.01.18"]

1. d4 d5 2. c4 c6 3. Nf3 Nf6 4. Nc3 e6 5. e3 Nbd7 6. Ne5 Bb4 7. Bd2 Nxe5 8. dxe5
Bxc3 9. Bxc3 Ne4 10. Qc2 b6 11. cxd5 exd5 12. Bd3 Nxc3 13. Qxc3 c5 14. e6 Qf6
15. Qxf6 gxf6 16. Bb5+ Ke7 17. Bc6 Rb8 18. exf7 Be6 19. O-O-O Rhd8 20. Rd3 Rd6
21. Be8 Bxf7 22. Bxf7 Kxf7 23. Rhd1 Ke6 24. e4 d4 25. Rh3 Rd7 26. f4 Rg7 27. g3
Re8 28. Rh6 Kf7 29. Re1 c4 30. Kd2 Re6 31. Rh5 Ke7 32. Rc1 c3+ 33. bxc3 Rxe4 34.
cxd4 Rxd4+ 35. Ke3 Rd7 36. Rc6 Rf7 37. Rh6 Rd6 38. Rc7+ Rd7 39. Rxd7+ Kxd7 40.
Ke4 b5 41. Kd5 b4 42. f5 a5 43. Kc5 Re7 44. Rxf6 Re2 45. Rd6+ Kc7 46. Rc6+ Kd7
47. Rd6+ Kc7 48. Rc6+ Kd7 49. Rd6+ 1/2-1/2

[Event "PRO League Group Stage"]
[Site "chess.com INT"]
[Date "2018.01.18"]
[Round "1"]
[White "Sadorra, Julio Catalino"]
[Black "Brown, Michael William"]
[Result "1-0"]
[WhiteTitle "GM"]
[BlackTitle "IM"]
[WhiteElo "2539"]
[BlackElo "2506"]
[WhiteTeam "Dallas Destiny"]
[BlackTeam "San Diego Surfers"]
[WhiteFideId "5201268"]
[BlackFideId "2037602"]
[EventDate "2018.01.18"]

1. d4 Nf6 2. Nc3 d5 3. Bf4 a6 4. e3 e6 5. a3 Bd6 6. Nf3 c5 7. dxc5 Bxc5 8. h3
Nc6 9. Bd3 h6 10. O-O O-O 11. e4 d4 12. Ne2 Qe7 13. e5 Nd5 14. Be4 Nxf4 15. Nxf4
Rd8 16. Qe2 Bd7 17. Bd3 Be8 18. Qe4 g6 19. b4 Bb6 20. Nh5 Qf8 21. Nf6+ Kh8 22.
Rae1 Qg7 23. Qh4 Ne7 24. g4 g5 25. Qg3 Bb5 26. Nh5 Qf8 27. h4 Bxd3 28. cxd3 gxh4
29. Qxh4 Ng8 30. Kg2 Rd7 31. Rh1 Bd8 32. g5 Rc8 33. Qf4 Rc3 34. g6 f6 35. exf6
Bxf6 36. Nxf6 Nxf6 37. Rxh6+ Kg8 38. Reh1 1-0

[Event "PRO League Group Stage"]
[Site "chess.com INT"]
[Date "2018.01.18"]
[Round "1"]
[White "Olafsson, Helgi"]
[Black "Bacrot, Etienne"]
[Result "0-1"]
[WhiteTitle "GM"]
[BlackTitle "GM"]
[WhiteElo "2508"]
[BlackElo "2722"]
[WhiteTeam "Reykjavik Puffins"]
[BlackTeam "Marseille Migraines"]
[WhiteFideId "2300010"]
[BlackFideId "605506"]
[EventDate "2018.01.18"]

1. Nf3 d5 2. d4 Nf6 3. c4 e6 4. g3 Be7 5. Bg2 O-O 6. O-O dxc4 7. Qc2 b6 8. Qxc4
Bb7 9. Nc3 Nbd7 10. Bg5 h6 11. Bxf6 Bxf6 12. Rfd1 Rc8 13. Qa4 c5 14. Qxa7 Bxf3
15. Bxf3 Bxd4 16. Nb5 Ne5 17. Bg2 Qf6 18. Nxd4 cxd4 19. Qxb6 Rfd8 20. Qb3 Rb8
21. Qa3 d3 22. exd3 Rxb2 23. Qc5 Nxd3 24. Qe3 Nxf2 25. Rxd8+ Qxd8 26. h3 Nd1 27.
Qf3 Qd4+ 0-1

[Event "PRO League Group Stage"]
[Site "chess.com INT"]
[Date "2018.01.18"]
[Round "1"]
[White "Olafsson, Helgi"]
[Black "Maurizzi, Marc Andria"]
[Result "1-0"]
[WhiteTitle "GM"]
[BlackTitle "CM"]
[WhiteElo "2508"]
[BlackElo "2018"]
[WhiteTeam "Reykjavik Puffins"]
[BlackTeam "Marseille Migraines"]
[WhiteFideId "2300010"]
[BlackFideId "36083534"]
[EventDate "2018.01.18"]

1. Nf3 Nf6 2. g3 d5 3. Bg2 Bf5 4. d3 h6 5. Nbd2 e6 6. e3 Be7 7. Qe2 O-O 8. O-O
c5 9. e4 Bh7 10. e5 Nfd7 11. Re1 Nc6 12. c3 Qc7 13. h4 Rae8 14. Nf1 f6 15. exf6
Bxf6 16. Ne3 Nde5 17. Nxe5 Nxe5 18. d4 Nd3 19. Nxd5 Qd8 20. Nxf6+ Rxf6 21. Rf1
cxd4 22. cxd4 Nb4 23. Be4 Qxd4 24. Bxh7+ Kxh7 25. Rd1 Qc5 26. Qe4+ Qf5 27. Qxf5+
exf5 28. Bf4 Rf7 29. Rd6 Re2 30. a3 Nc6 31. b4 Rfe7 32. Be3 a6 33. Rc1 Ra2 34.
Rc3 Ne5 35. Rd5 Ng4 36. Bc5 Rf7 37. Rf3 Kg6 38. Bd4 Rd2 39. Kg2 h5 40. Rd6+ Nf6
41. Bc5 Rxd6 42. Bxd6 Rd7 43. Be5 Ne4 44. Bf4 Rd1 45. Rb3 Rd5 46. Be3 Kf6 47.
Kf3 g6 48. Kf4 Rd1 49. f3 Nd6 50. Bc5 Nf7 51. Ke3 Re1+ 52. Kf2 Rd1 53. Ke2 Rd5
54. Rd3 Ke5 55. Bf8 Rxd3 56. Kxd3 Kd5 57. Bg7 Nd6 58. a4 Nc4 59. Bc3 Nd6 60. Bd2
b5 61. axb5 axb5 62. Be3 Nc4 63. Bc5 Nb2+ 64. Ke3 Na4 65. Bf8 Nc3 66. Kf4 Ke6
67. Kg5 Kf7 68. Bc5 Na4 69. Bd4 Ke6 70. Kxg6 Kd5 71. Ba1 Ke6 72. Kxh5 Nb6 73.
Bd4 Nd5 74. Bc5 Kf6 75. Bd6 Ne3 76. g4 fxg4 77. fxg4 Ng2 78. Bg3 Kf7 79. g5 Ne3
80. Bf2 Kg8 81. Bxe3 1-0

[Event "PRO League Group Stage"]
[Site "chess.com INT"]
[Date "2018.01.18"]
[Round "1"]
[White "Dominguez Perez, Leinier"]
[Black "Yu, Yangyi"]
[Result "0-1"]
[WhiteTitle "GM"]
[BlackTitle "GM"]
[WhiteElo "2739"]
[BlackElo "2760"]
[WhiteTeam "Las Vegas Desert Rats"]
[BlackTeam "Chengdu Pandas"]
[WhiteFideId "3503240"]
[BlackFideId "8603820"]
[EventDate "2018.01.18"]

1. e4 e5 2. Nf3 Nf6 3. Nxe5 d6 4. Nf3 Nxe4 5. Nc3 Nxc3 6. dxc3 Be7 7. Be3 Nc6 8.
Bd3 Bf6 9. Qd2 Be6 10. Ng5 Bxg5 11. Bxg5 Qd7 12. O-O-O f6 13. Bf4 O-O-O 14. b3
Bf5 15. Be2 h5 16. Rhe1 Rde8 17. Kb2 Bg6 18. a4 Re7 19. Bf1 Rhe8 20. Rxe7 Rxe7
21. h3 Kb8 22. Be3 a6 23. f3 Re5 24. Bf2 Ne7 25. f4 Re6 26. g4 hxg4 27. hxg4 f5
28. Bc4 d5 29. Qd4 Nc8 30. Bd3 Re7 31. Rh1 Re8 32. Rg1 Re7 33. Rh1 Re8 34. c4
Qf7 35. g5 dxc4 36. Bxc4 Qf8 37. Rd1 Bh5 38. Rd2 Qd6 39. Qc3 Qxf4 40. Bf7 Qxd2
41. Qxd2 Bxf7 42. Qd7 Re7 43. Qxf5 Be6 44. Qc5 g6 45. Bg3 Bf5 46. Be5 b6 47. Qd4
a5 48. Kc1 Rd7 49. Qf4 Ne7 50. Qf2 Kb7 51. Qf3+ Nc6 52. Bc3 Rh7 53. Qf4 Re7 54.
Qf3 Rh7 55. Qg2 Re7 56. Kb2 Re4 57. Qf3 Rg4 58. Bf6 Rh4 59. Qf2 Rh3 60. Qg2 Rh4
61. Bc3 Rg4 62. Qd2 Be4 63. Qe3 Bf5 64. Qd2 Re4 65. Qf2 Ne7 66. Qf3 Nd5 67. Bf6
Nb4 68. Bc3 Nc6 69. Bf6 Re1 70. Bc3 Rg1 71. Bf6 Re1 72. Bc3 Re7 73. Bf6 Rh7 74.
Bc3 Rh2 75. Ka3 Bxc2 76. Qg3 Re2 77. Qf3 Re6 78. Qg2 Be4 79. Qg3 Rd6 80. Qe3 Bf5
81. Kb2 Rd3 82. Qf2 Ne7 83. Qg2+ Nc6 84. Qf2 Rh3 85. Qf4 Rh1 86. Qf3 Rg1 87. Qe3
Rg2+ 88. Ka3 Rg4 89. Qd2 Re4 90. Qf2 Be6 91. Qc2 Bf5 92. Qg2 Re6 93. Qd2 Ne7 94.
Bf6 Nc6 95. Bc3 Re4 96. Qd5 Re2 97. Qf3 Rc2 98. Bb2 Kb8 99. Bc3 Kb7 100. Bb2 Rc5
101. Bd4 Rc1 102. Bc3 Rc2 103. Bb2 Rh2 104. Qd5 Rh3 0-1

[Event "PRO League Group Stage"]
[Site "chess.com INT"]
[Date "2018.01.18"]
[Round "1"]
[White "Dominguez Perez, Leinier"]
[Black "Ju, Wenjun"]
[Result "1-0"]
[WhiteTitle "GM"]
[BlackTitle "GM"]
[WhiteElo "2739"]
[BlackElo "2572"]
[WhiteTeam "Las Vegas Desert Rats"]
[BlackTeam "Chengdu Pandas"]
[WhiteFideId "3503240"]
[BlackFideId "8603006"]
[EventDate "2018.01.18"]

1. e4 e6 2. d4 d5 3. Nc3 Nf6 4. e5 Nfd7 5. Nce2 c5 6. c3 Nc6 7. Nf3 Be7 8. a3 a5
9. Nf4 O-O 10. Bd3 Qb6 11. h4 h6 12. Bc2 Qa6 13. Rh3 Rd8 14. Rg3 Bf8 15. Ng5
Ndxe5 16. dxe5 Nxe5 17. Qh5 f5 18. Nd3 Qd6 19. Nf3 Nxd3+ 20. Bxd3 Bd7 21. Bxh6
Be8 22. Qg5 Rd7 23. Qd2 c4 24. Bc2 Qb6 25. Ne5 Rc7 26. Rb1 Bd6 27. Be3 Qa6 28.
Bd4 b5 29. Qh6 Bf8 30. Kf1 b4 31. Re1 bxa3 32. bxa3 Rb8 33. Bxf5 g6 34. Rxg6+
Bxg6 35. Qxg6+ Bg7 36. Bxe6+ Kf8 37. Nd7+ Rxd7 38. Bc5+ 1-0

[Event "PRO League Group Stage"]
[Site "chess.com INT"]
[Date "2018.01.18"]
[Round "1"]
[White "Grigoriants, Sergey"]
[Black "Salomon, Johan"]
[Result "1/2-1/2"]
[WhiteTitle "GM"]
[BlackTitle "GM"]
[WhiteElo "2568"]
[BlackElo "2476"]
[WhiteTeam "Volga Stormbringers"]
[BlackTeam "Norway Gnomes"]
[WhiteFideId "4130804"]
[BlackFideId "1509500"]
[EventDate "2018.01.18"]

1. Nf3 Nf6 2. c4 c5 3. Nc3 e6 4. g3 d5 5. cxd5 Nxd5 6. Bg2 Nc6 7. O-O Be7 8. d4
O-O 9. e4 Ndb4 10. d5 exd5 11. Nxd5 Bg4 12. h3 Bxf3 13. Bxf3 Nxd5 14. exd5 Nd4
15. Be3 Qb6 16. b4 Qxb4 17. Rb1 Qa3 18. Rxb7 Bf6 19. Bxd4 Bxd4 20. Qb3 Qxb3 21.
axb3 Rfb8 22. d6 Rxb7 23. Bxb7 Rd8 24. Re1 g6 25. Re7 Rxd6 26. Kg2 a5 27. Bf3
Kg7 28. Be2 Rf6 29. f3 h5 30. Bc4 Kf8 1/2-1/2

[Event "PRO League Group Stage"]
[Site "chess.com INT"]
[Date "2018.01.18"]
[Round "1"]
[White "Grigoriants, Sergey"]
[Black "Carlsen, Magnus"]
[Result "0-1"]
[WhiteTitle "GM"]
[BlackTitle "GM"]
[WhiteElo "2568"]
[BlackElo "2834"]
[WhiteTeam "Volga Stormbringers"]
[BlackTeam "Norway Gnomes"]
[WhiteFideId "4130804"]
[BlackFideId "1503014"]
[EventDate "2018.01.18"]

1. e4 e5 2. Nf3 Nc6 3. Bb5 Bb4 4. c3 Ba5 5. O-O Nge7 6. d4 exd4 7. cxd4 d5 8.
exd5 Qxd5 9. Qa4 O-O 10. Nc3 Qh5 11. Bf4 Bb6 12. Bxc6 Nxc6 13. d5 Ne7 14. d6 Ng6
15. dxc7 Nxf4 16. Qxf4 Qc5 17. Rac1 Bxc7 18. Qe4 Qf5 19. Qc4 Qf4 20. Nd5 Qxc4
21. Ne7+ Kh8 22. Rxc4 Bb6 23. Nxc8 Raxc8 24. Rfc1 Rxc4 25. Rxc4 Rd8 26. Kf1 g6
27. Ke2 Kg7 28. b4 Rd7 29. a4 a6 30. g4 h6 31. h3 Kf6 32. Rf4+ Ke6 33. g5 Bc7
34. Re4+ Kf5 35. Rc4 hxg5 36. Rc5+ Kf6 37. Nxg5 Bb6 38. Ne4+ Ke6 39. Ng5+ Ke7
40. Re5+ Kf6 41. f4 Bc7 42. Ne4+ Kg7 43. Re8 Bxf4 44. Nc5 Rd4 45. b5 axb5 46.
axb5 b6 47. Nd3 Bh2 48. Ne1 Rd5 49. Nf3 Bg3 0-1

[Event "PRO League Group Stage"]
[Site "chess.com INT"]
[Date "2018.01.18"]
[Round "1"]
[White "Shepherd, Duncan"]
[Black "Nagle, Sean"]
[Result "0-1"]
[BlackTitle "IM"]
[WhiteElo "1986"]
[BlackElo "2432"]
[WhiteTeam "Saint Louis Arch Bishops"]
[BlackTeam "Minnesota Blizzard"]
[WhiteFideId "2080311"]
[BlackFideId "2013878"]
[EventDate "2018.01.18"]

1. d4 g6 2. c4 Bg7 3. Nf3 d6 4. g3 Nf6 5. Bg2 O-O 6. O-O c6 7. Nc3 Qa5 8. e4 Bg4
9. h3 Bxf3 10. Bxf3 Nbd7 11. Be3 e5 12. d5 cxd5 13. cxd5 a6 14. a3 Rfc8 15. Qd2
h5 16. Rfc1 Qd8 17. Rc2 Nc5 18. Qe2 Nb3 19. Rd1 Qa5 20. Na2 Qa4 21. Nc1 Na5 22.
Rxc8+ Rxc8 23. Bb6 Bh6 24. Bxa5 Qxa5 25. Nb3 Qa4 26. Qd3 Rc4 27. Re1 Rc7 28. Re2
Qc4 29. Qxc4 Rxc4 30. Na5 Rc7 31. Kg2 Nd7 32. Nb3 Nb6 33. Na5 Na4 34. b3 Nb6 35.
b4 Kf8 36. Kh2 Ke7 37. Rb2 Bc1 38. Rb3 Bd2 39. Rb2 Be1 40. Rb1 Bxf2 41. Kg2 Bd4
42. b5 axb5 43. Rxb5 Kd8 44. Kh2 Kc8 45. Nb3 Be3 46. h4 Kb8 47. Bg2 Rc2 48. Kh3
Ra2 49. Ra5 Nc4 50. Rb5 Rxa3 51. Bf1 Nd2 52. Be2 Nxb3 0-1

[Event "PRO League Group Stage"]
[Site "chess.com INT"]
[Date "2018.01.18"]
[Round "1"]
[White "Shepherd, Duncan"]
[Black "Tang, Andrew"]
[Result "0-1"]
[BlackTitle "IM"]
[WhiteElo "1986"]
[BlackElo "2513"]
[WhiteTeam "Saint Louis Arch Bishops"]
[BlackTeam "Minnesota Blizzard"]
[WhiteFideId "2080311"]
[BlackFideId "2059630"]
[EventDate "2018.01.18"]

1. d4 d5 2. c4 e6 3. Nc3 Be7 4. cxd5 exd5 5. Bf4 c6 6. Qc2 Nf6 7. e3 Nh5 8. Be5
Nd7 9. Be2 Nhf6 10. Bg3 Qa5 11. Nf3 Ne4 12. O-O Nxg3 13. hxg3 Qd8 14. Rab1 a5
15. a3 O-O 16. b4 Bd6 17. e4 dxe4 18. Nxe4 Be7 19. Rfd1 Nb6 20. Nc5 axb4 21.
axb4 Nd5 22. b5 Ra3 23. Rb3 Rxb3 24. Qxb3 Bf6 25. Bc4 Nb6 26. bxc6 bxc6 27. Be2
Nd5 28. Bc4 Re8 29. Bd3 h6 30. Ne4 Bg4 31. Nxf6+ Qxf6 32. Bc4 Qf5 33. Bxd5 cxd5
34. Rc1 Re4 35. Ne5 Rxd4 36. Nxg4 Qxg4 37. Qb8+ Kh7 38. Qa7 Rd1+ 39. Rxd1 Qxd1+
40. Kh2 f6 41. Qd7 Qd3 42. Kh3 d4 43. Qd5 Kg6 0-1

[Event "PRO League Group Stage"]
[Site "chess.com INT"]
[Date "2018.01.18"]
[Round "1"]
[White "Shimanov, Aleksandr"]
[Black "Lenderman, Aleksandr"]
[Result "1/2-1/2"]
[WhiteTitle "GM"]
[BlackTitle "GM"]
[WhiteElo "2641"]
[BlackElo "2611"]
[WhiteTeam "Webster Windmills"]
[BlackTeam "Montclair Sopranos"]
[WhiteFideId "4198603"]
[BlackFideId "2021285"]
[EventDate "2018.01.18"]

1. c4 c5 2. Nc3 Nc6 3. g3 g6 4. Bg2 Bg7 5. Nf3 d6 6. a3 Nf6 7. Rb1 O-O 8. b4 b6
9. O-O Bb7 10. d3 Qd7 11. e3 Rfd8 12. Qe2 Rac8 13. b5 Ne5 14. Nxe5 dxe5 15. Bxb7
Qxb7 16. e4 e6 17. Bg5 h6 18. Be3 Rd7 19. a4 Rcd8 20. Rfd1 Ne8 21. a5 f5 22. f3
Rd6 23. Na4 Qd7 24. axb6 axb6 25. Nxc5 bxc5 26. Bxc5 Bf8 27. Bf2 Rd4 28. b6 Bc5
29. Rb5 Qc6 30. b7 Rb8 31. exf5 Nd6 32. Qxe5 Qxf3 33. Rf1 Qxf5 34. Rxc5 Qxe5 35.
Rxe5 Rxd3 36. c5 Nxb7 37. Rb1 Rdd8 38. Rxe6 Nxc5 39. Rxg6+ Kh7 40. Rxb8 Rxb8 41.
Rc6 Ne4 42. Be3 Rb1+ 43. Bc1 Ng5 44. h4 Nf7 45. Kg2 h5 46. Bf4 Rb5 47. Kf3 Ne5+
48. Bxe5 Rxe5 49. Kf4 Ra5 50. Re6 Kg7 51. Re5 Ra4+ 52. Re4 Ra5 53. Re6 Rb5 54.
Re5 Rb4+ 55. Kf5 Rb3 56. Kg5 Rxg3+ 57. Kxh5 Ra3 58. Re7+ Kg8 59. Re6 Kg7 60.
Rg6+ Kh7 61. Rg5 Ra4 62. Re5 Ra6 63. Re7+ Kg8 64. Kg5 Rb6 65. h5 Ra6 66. Re5 Rb6
67. Rf5 Ra6 68. Rf6 Rxf6 69. Kxf6 Kh7 70. h6 Kxh6 1/2-1/2

[Event "PRO League Group Stage"]
[Site "chess.com INT"]
[Date "2018.01.18"]
[Round "1"]
[White "Shimanov, Aleksandr"]
[Black "Yuan, Yuanling"]
[Result "1-0"]
[WhiteTitle "GM"]
[BlackTitle "WIM"]
[WhiteElo "2641"]
[BlackElo "2247"]
[WhiteTeam "Webster Windmills"]
[BlackTeam "Montclair Sopranos"]
[WhiteFideId "4198603"]
[BlackFideId "8604541"]
[EventDate "2018.01.18"]

1. d4 Nf6 2. Bf4 g6 3. Nc3 Bg7 4. e4 d6 5. Qd2 h5 6. O-O-O c6 7. Nf3 b5 8. e5
dxe5 9. Nxe5 Be6 10. Kb1 Qa5 11. a3 b4 12. axb4 Qxb4 13. Nb5 Qxd2 14. Nc7+ Kd8
15. Nxe6+ fxe6 16. Bxd2 Rg8 17. Ba5+ Kc8 18. Nxg6 Bf8 19. Nf4 Ne4 20. Be1 Nd7
21. Nxe6 Kb7 22. f3 Nd6 23. Nc5+ Kc7 24. Bg3 Nb6 25. Ba6 Bg7 26. Rhe1 Bf6 27.
Re6 Raf8 28. Rde1 Rf7 29. Ne4 Bxd4 30. Rd1 Bh8 31. c4 Kd7 32. Rh6 1-0

[Event "PRO League Group Stage"]
[Site "chess.com INT"]
[Date "2018.01.18"]
[Round "1"]
[White "Ludwig, John"]
[Black "Kleinman, Michael"]
[Result "0-1"]
[BlackTitle "IM"]
[WhiteElo "2388"]
[BlackElo "2394"]
[WhiteTeam "Miami Champions"]
[BlackTeam "Montreal Chessbrahs"]
[WhiteFideId "2075512"]
[BlackFideId "2609479"]
[EventDate "2018.01.18"]

1. e4 c6 2. d4 d5 3. e5 Bf5 4. Nd2 e6 5. Nb3 Nd7 6. Nf3 Be4 7. Ng5 Bg6 8. Nh3
Ne7 9. Nf4 Nf5 10. h4 Nxh4 11. g3 Nf5 12. Nxg6 fxg6 13. g4 Nh4 14. Bf4 Be7 15.
Bg3 O-O 16. Qd3 Nf3+ 17. Ke2 c5 18. dxc5 Nxc5 19. Nxc5 Bxc5 20. c3 Qg5 21. Kd1
Qxg4 22. Be2 Qf5 23. Qb5 Rac8 24. Bd3 Qg4 25. Kc2 Bb6 26. Qd7 Rc7 27. Qd6 Nd4+
28. Kd2 Qg5+ 29. Kd1 Nf3 30. Qxe6+ Rcf7 0-1

[Event "PRO League Group Stage"]
[Site "chess.com INT"]
[Date "2018.01.18"]
[Round "1"]
[White "Ludwig, John"]
[Black "Castellanos Rodriguez, Renier"]
[Result "0-1"]
[BlackTitle "IM"]
[WhiteElo "2388"]
[BlackElo "2501"]
[WhiteTeam "Miami Champions"]
[BlackTeam "Montreal Chessbrahs"]
[WhiteFideId "2075512"]
[BlackFideId "3404650"]
[EventDate "2018.01.18"]

1. e4 c5 2. Nf3 e6 3. c3 Nf6 4. e5 Nd5 5. d4 cxd4 6. cxd4 d6 7. Bc4 Be7 8. O-O
O-O 9. Nc3 Nxc3 10. bxc3 Qc7 11. exd6 Bxd6 12. Qd3 Nd7 13. h3 b6 14. Bb3 Bb7 15.
Re1 Rac8 16. Bd2 Bf4 17. Bc2 g6 18. Bxf4 Qxf4 19. Ne5 Rfd8 20. Nxd7 Rxd7 21. Bb3
Bd5 22. Rac1 Kg7 23. Red1 Qe4 24. c4 Qxg2# 0-1

[Event "PRO League Group Stage"]
[Site "chess.com INT"]
[Date "2018.01.18"]
[Round "1"]
[White "Song, Edward"]
[Black "Sanhueza, Cristian"]
[Result "1-0"]
[WhiteTitle "FM"]
[WhiteElo "2319"]
[BlackElo "2298"]
[WhiteTeam "Pittsburgh Pawngrabbers"]
[BlackTeam "Buenos Aires Krakens"]
[WhiteFideId "2051192"]
[BlackFideId "116815"]
[EventDate "2018.01.18"]

1. e4 c5 2. Nf3 d6 3. d4 cxd4 4. Nxd4 Nf6 5. Nc3 g6 6. Be3 Bg7 7. f3 O-O 8. Qd2
Nc6 9. g4 Nxd4 10. Bxd4 Be6 11. h4 Qa5 12. h5 Rfc8 13. a3 Rab8 14. O-O-O b5 15.
hxg6 hxg6 16. Qg5 Qc7 17. e5 dxe5 18. Bxe5 Qc5 19. Bxf6 Bxf6 20. Rd8+ Rxd8 21.
Qxc5 Rbc8 22. Qxa7 b4 23. axb4 Bg5+ 24. Kb1 Rxc3 25. Bd3 Rcc8 26. Be4 Rb8 27.
Qc5 Bf6 28. c3 Rd2 29. g5 Bg7 30. Qe3 Rbd8 31. Kc1 R2d6 32. b5 Bb3 33. Bc2 Bc4
34. Rd1 Rxd1+ 35. Bxd1 e6 36. b6 Bd5 37. f4 Ra8 38. Bf3 Ra1+ 39. Kc2 1-0